{"text_format":"3","workbook":"xlsx","n_sheets":4,"sheets":["État d'acompte","Situation détaillée","Suivi des acomptes","Notice"],"not_rendered":{"charts":1},"read":"whole","date_system":"1900"}

{"sheet":"État d'acompte","index":0,"n_rows":37,"n_cols":5,"rows_kept":37,"merged":[[1,1,1,3],[2,1,2,4],[4,1,4,4],[5,2,5,4],[6,2,6,4],[7,2,7,4],[8,2,8,4],[11,1,11,4],[16,1,16,4],[25,1,25,4],[26,2,26,3],[27,2,27,3],[28,2,28,3],[29,2,29,3],[30,2,30,3],[31,2,31,3],[32,1,33,3],[32,4,33,4],[34,1,34,4],[36,1,36,2],[36,3,36,4],[37,1,39,2],[37,3,39,4]]}
[]
[null,"ÉTAT D'ACOMPTE MENSUEL",null,null,{"$f":"\"N°  \"&$C$11","v":"N°  4"}]
[]
[]
[null,"MARCHÉ & INTERVENANTS"]
[null,"Pouvoir adjudicateur (maître d'ouvrage)","Commune de Villeneuve-sur-Somme"]
[null,"Maître d'œuvre","Atelier Durand-Léon Architectes"]
[null,"Titulaire du marché","Entreprise Bâtir & Rénover SARL"]
[null,"Objet du marché","Réhabilitation du groupe scolaire — lot gros œuvre"]
[null,"N° du marché","2026-TRX-014","Date d'établissement","2027-04-30"]
[null,"Acompte n°",4,"Période (mois)","Avril 2027"]
[null,"PARAMÈTRES FINANCIERS DU MARCHÉ"]
[null,"Montant du marché HT",{"$f":"'Situation détaillée'!$F$16","v":{"v":480000,"d":"480,000.00 €"}},"Taux de TVA",{"v":0.2,"d":"20%"}]
[null,"Taux de retenue de garantie",{"v":0.05,"d":"5%"},"Coefficient de révision / actualisation",1.008]
[null,"Avance forfaitaire versée (€)",{"v":24000,"d":"24,000.00 €"},"Pénalités du présent acompte (€)",{"v":0,"d":"0.00 €"}]
[null,"Remboursement avance — début (% d'avancement)",{"v":0.65,"d":"65%"},"Remboursement avance — fin (% d'avancement)",{"v":0.8,"d":"80%"}]
[null,"DÉCOMPTE DE L'ACOMPTE"]
[null,"Rubrique","Cumul antérieur (€)","Cumul à ce jour (€)","Présent acompte (€)"]
[null,"Travaux exécutés HT",{"$f":"'Situation détaillée'!$I$16","v":{"v":275200,"d":"275,200.00 €"}},{"$f":"'Situation détaillée'!$H$16","v":{"v":350540,"d":"350,540.00 €"}},{"$f":"$D19-$C19","v":{"v":75340,"d":"75,340.00 €"}}]
[null,"Révision / actualisation de prix",{"$f":"($E$14-1)*$C19","v":{"v":2201.600000000002,"d":"2,201.60 €"}},{"$f":"($E$14-1)*$D19","v":{"v":2804.3200000000024,"d":"2,804.32 €"}},{"$f":"$D20-$C20","v":{"v":602.7200000000003,"d":"602.72 €"}}]
[null,"Montant HT (base + révision)",{"$f":"$C19+$C20","v":{"v":277401.6,"d":"277,401.60 €"}},{"$f":"$D19+$D20","v":{"v":353344.32,"d":"353,344.32 €"}},{"$f":"$D21-$C21","v":{"v":75942.72000000003,"d":"75,942.72 €"}}]
[null,"Avancement global",{"$f":"IF($C$13=0,\"\",$C19/$C$13)","v":{"v":0.5733333333333334,"d":"57.3%"}},{"$f":"IF($C$13=0,\"\",$D19/$C$13)","v":{"v":0.7302916666666667,"d":"73.0%"}},{"$f":"IF($C$13=0,\"\",$D22-$C22)","v":{"v":0.1569583333333333,"d":"15.7%"}}]
[null,"Retenue de garantie (5 %)",{"$f":"$C$14*$C21","v":{"v":13870.08,"d":"13,870.08 €"}},{"$f":"$C$14*$D21","v":{"v":17667.216,"d":"17,667.22 €"}},{"$f":"$D23-$C23","v":{"v":3797.1360000000004,"d":"3,797.14 €"}}]
[null,"Remboursement de l'avance forfaitaire",{"$f":"$C$15*MAX(0,MIN(1,($C22-$C$16)/($E$16-$C$16)))","v":{"v":0,"d":"0.00 €"}},{"$f":"$C$15*MAX(0,MIN(1,($D22-$C$16)/($E$16-$C$16)))","v":{"v":12846.666666666662,"d":"12,846.67 €"}},{"$f":"$D24-$C24","v":{"v":12846.666666666662,"d":"12,846.67 €"}}]
[null,"Montant net HT à mandater",{"$f":"$C21-$C23-$C24","v":{"v":263531.51999999996,"d":"263,531.52 €"}},{"$f":"$D21-$D23-$D24","v":{"v":322830.4373333333,"d":"322,830.44 €"}},{"$f":"$D25-$C25","v":{"v":59298.917333333346,"d":"59,298.92 €"}}]
[null,"MONTANT DU PRÉSENT ACOMPTE"]
[null,"Montant HT du présent acompte",null,null,{"$f":"$E21","v":{"v":75942.72000000003,"d":"75,942.72 €"}}]
[null,"TVA (20 %)",null,null,{"$f":"$E$13*$E27","v":{"v":15188.544000000007,"d":"15,188.54 €"}}]
[null,"Montant TTC",null,null,{"$f":"$E27+$E28","v":{"v":91131.26400000004,"d":"91,131.26 €"}}]
[null,"À déduire : retenue de garantie du mois",null,null,{"$f":"$E23","v":{"v":3797.1360000000004,"d":"3,797.14 €"}}]
[null,"À déduire : remboursement de l'avance du mois",null,null,{"$f":"$E24","v":{"v":12846.666666666662,"d":"12,846.67 €"}}]
[null,"À déduire : pénalités",null,null,{"$f":"$E$15","v":{"v":0,"d":"0.00 €"}}]
[null,"NET À PAYER — ACOMPTE À MANDATER",null,null,{"$f":"$E29-$E30-$E31-$E32","v":{"v":74487.46133333338,"d":"74,487.46 €"}}]
[]
[null,{"$f":"IF($E33=\"\",\"\",\"Le présent acompte est arrêté à la somme de \"&TEXT($E33,\"#,##0.00\")&\" € TTC.\")","v":"Le présent acompte est arrêté à la somme de 74487,46133 € TTC."}]
[]
[null,"Le titulaire",null,"Le maître d'œuvre"]

{"sheet":"Situation détaillée","index":1,"n_rows":16,"n_cols":11,"rows_kept":16,"merged":[[0,0,0,10],[1,0,1,10]]}
["SITUATION DE TRAVAUX — DÉCOMPTE DES PRESTATIONS"]
["Avancement cumulé par poste · alimente l'état d'acompte · exercice 2027"]
["N°","Désignation des prestations","Unité","Quantité","P.U. HT (€)","Montant marché HT (€)","Avanc. cumulé","Montant à ce jour HT (€)","Cumul antérieur HT (€)","Réalisé du mois HT (€)","Reste à réaliser HT (€)"]
[1,"Installation et repli de chantier","Ens",{"v":1,"d":"1."},{"v":18000,"d":"18,000.00 €"},{"$f":"IF($A4=\"\",\"\",$D4*$E4)","v":{"v":18000,"d":"18,000.00 €"}},{"v":1,"d":"100%"},{"$f":"IF($A4=\"\",\"\",$F4*$G4)","v":{"v":18000,"d":"18,000.00 €"}},{"$f":"IF($A4=\"\",\"\",ROUND($F4*1,2))","v":{"v":18000,"d":"18,000.00 €"}},{"$f":"IF($A4=\"\",\"\",$H4-$I4)","v":{"v":0,"d":"0.00 €"}},{"$f":"IF($A4=\"\",\"\",$F4-$H4)","v":{"v":0,"d":"0.00 €"}}]
[2,"Terrassements généraux","m³",{"v":1200,"d":"1,200."},{"v":25,"d":"25.00 €"},{"v":30000,"d":"30,000.00 €"},{"v":0.95,"d":"95%"},{"v":28500,"d":"28,500.00 €"},{"$f":"IF($A5=\"\",\"\",ROUND($F5*0.8,2))","v":{"v":24000,"d":"24,000.00 €"}},{"v":4500,"d":"4,500.00 €"},{"v":1500,"d":"1,500.00 €"}]
[3,"Fondations et gros œuvre","m³",{"v":350,"d":"350."},{"v":400,"d":"400.00 €"},{"v":140000,"d":"140,000.00 €"},{"v":0.88,"d":"88%"},{"v":123200,"d":"123,200.00 €"},{"$f":"IF($A6=\"\",\"\",ROUND($F6*0.72,2))","v":{"v":100800,"d":"100,800.00 €"}},{"v":22400,"d":"22,400.00 €"},{"v":16800,"d":"16,800.00 €"}]
[4,"Charpente métallique","kg",{"v":8000,"d":"8,000."},{"v":6.5,"d":"6.50 €"},{"v":52000,"d":"52,000.00 €"},{"v":0.82,"d":"82%"},{"v":42640,"d":"42,640.00 €"},{"$f":"IF($A7=\"\",\"\",ROUND($F7*0.65,2))","v":{"v":33800,"d":"33,800.00 €"}},{"v":8840,"d":"8,840.00 €"},{"v":9360,"d":"9,360.00 €"}]
[5,"Couverture et étanchéité","m²",{"v":800,"d":"800."},{"v":85,"d":"85.00 €"},{"v":68000,"d":"68,000.00 €"},{"v":0.75,"d":"75%"},{"v":51000,"d":"51,000.00 €"},{"$f":"IF($A8=\"\",\"\",ROUND($F8*0.6,2))","v":{"v":40800,"d":"40,800.00 €"}},{"v":10200,"d":"10,200.00 €"},{"v":17000,"d":"17,000.00 €"}]
[6,"Menuiseries extérieures","Ens",{"v":1,"d":"1."},{"v":45000,"d":"45,000.00 €"},{"v":45000,"d":"45,000.00 €"},{"v":0.65,"d":"65%"},{"v":29250,"d":"29,250.00 €"},{"$f":"IF($A9=\"\",\"\",ROUND($F9*0.5,2))","v":{"v":22500,"d":"22,500.00 €"}},{"v":6750,"d":"6,750.00 €"},{"v":15750,"d":"15,750.00 €"}]
[7,"Cloisons et doublages","m²",{"v":1400,"d":"1,400."},{"v":30,"d":"30.00 €"},{"v":42000,"d":"42,000.00 €"},{"v":0.6,"d":"60%"},{"v":25200,"d":"25,200.00 €"},{"$f":"IF($A10=\"\",\"\",ROUND($F10*0.45,2))","v":{"v":18900,"d":"18,900.00 €"}},{"v":6300,"d":"6,300.00 €"},{"v":16800,"d":"16,800.00 €"}]
[8,"Plomberie et CVC","Ens",{"v":1,"d":"1."},{"v":40000,"d":"40,000.00 €"},{"v":40000,"d":"40,000.00 €"},{"v":0.45,"d":"45%"},{"v":18000,"d":"18,000.00 €"},{"$f":"IF($A11=\"\",\"\",ROUND($F11*0.25,2))","v":{"v":10000,"d":"10,000.00 €"}},{"v":8000,"d":"8,000.00 €"},{"v":22000,"d":"22,000.00 €"}]
[9,"Électricité CFO / CFA","Ens",{"v":1,"d":"1."},{"v":32000,"d":"32,000.00 €"},{"v":32000,"d":"32,000.00 €"},{"v":0.4,"d":"40%"},{"v":12800,"d":"12,800.00 €"},{"$f":"IF($A12=\"\",\"\",ROUND($F12*0.2,2))","v":{"v":6400,"d":"6,400.00 €"}},{"v":6400,"d":"6,400.00 €"},{"v":19200,"d":"19,200.00 €"}]
[10,"Peinture et finitions","m²",{"v":1300,"d":"1,300."},{"v":10,"d":"10.00 €"},{"v":13000,"d":"13,000.00 €"},{"v":0.15,"d":"15%"},{"v":1950,"d":"1,950.00 €"},{"$f":"IF($A13=\"\",\"\",ROUND($F13*0,2))","v":{"v":0,"d":"0.00 €"}},{"v":1950,"d":"1,950.00 €"},{"v":11050,"d":"11,050.00 €"}]
[{"$nulls":5},"",null,"",null,"",""]
[{"$nulls":5},"",null,"",null,"",""]
["TOTAUX",{"$nulls":4},{"$f":"SUM(F4:F15)","v":{"v":480000,"d":"480,000.00 €"}},{"$f":"IF(F16=0,\"\",H16/F16)","v":{"v":0.7302916666666667,"d":"73.0%"}},{"$f":"SUM(H4:H15)","v":{"v":350540,"d":"350,540.00 €"}},{"$f":"SUM(I4:I15)","v":{"v":275200,"d":"275,200.00 €"}},{"$f":"SUM(J4:J15)","v":{"v":75340,"d":"75,340.00 €"}},{"$f":"SUM(K4:K15)","v":{"v":129460,"d":"129,460.00 €"}}]

{"sheet":"Suivi des acomptes","index":2,"n_rows":18,"n_cols":8,"rows_kept":18,"merged":[[0,0,0,7],[1,0,1,7],[3,1,3,2],[3,3,3,4],[3,5,3,6],[4,1,5,2],[4,3,5,4],[4,5,5,6],[15,1,15,5],[17,1,17,7]]}
["SUIVI DES ACOMPTES DU MARCHÉ"]
["Historique des acomptes mensuels, avancement et montants mandatés · 2027"]
[]
[null,"Montant du marché HT",null,"Réalisé cumulé HT",null,"Avancement global"]
[null,{"$f":"'Situation détaillée'!$F$16","v":{"v":480000,"d":"480,000.00 €"}},null,{"$f":"'Situation détaillée'!$H$16","v":{"v":350540,"d":"350,540.00 €"}},null,{"$f":"IF('Situation détaillée'!$F$16=0,\"\",'Situation détaillée'!$H$16/'Situation détaillée'!$F$16)","v":{"v":0.7302916666666667,"d":"73.0%"}}]
[]
[]
[null,"N°","Période","Date d'arrêté","Travaux cumulé HT (€)","Avancement","Net à payer (€)"]
[null,1,"Janvier 2027","2027-01-31",{"v":48000,"d":"48,000.00 €"},{"$f":"IF('Situation détaillée'!$F$16=0,\"\",$E9/'Situation détaillée'!$F$16)","v":{"v":0.1,"d":"10.0%"}},{"v":66000,"d":"66,000.00 €"},"Payé"]
[null,2,"Février 2027","2027-02-28",{"v":150000,"d":"150,000.00 €"},{"$f":"IF('Situation détaillée'!$F$16=0,\"\",$E10/'Situation détaillée'!$F$16)","v":{"v":0.3125,"d":"31.3%"}},{"v":123840,"d":"123,840.00 €"},"Payé"]
[null,3,"Mars 2027","2027-03-31",{"v":275200,"d":"275,200.00 €"},{"$f":"IF('Situation détaillée'!$F$16=0,\"\",$E11/'Situation détaillée'!$F$16)","v":{"v":0.5733333333333334,"d":"57.3%"}},{"v":150720,"d":"150,720.00 €"},"Payé"]
[null,{"$f":"'État d''acompte'!$C$11","v":4},{"$f":"'État d''acompte'!$E$11","v":"Avril 2027"},{"$f":"'État d''acompte'!$E$10","v":"2027-04-30"},{"$f":"'Situation détaillée'!$H$16","v":{"v":350540,"d":"350,540.00 €"}},{"$f":"IF('Situation détaillée'!$F$16=0,\"\",$E12/'Situation détaillée'!$F$16)","v":{"v":0.7302916666666667,"d":"73.0%"}},{"$f":"'État d''acompte'!$E$33","v":{"v":74487.46133333338,"d":"74,487.46 €"}},"En cours"]
[{"$nulls":5},{"$f":"IF(OR($E13=\"\",'Situation détaillée'!$F$16=0),\"\",$E13/'Situation détaillée'!$F$16)","v":""}]
[{"$nulls":5},{"$f":"IF(OR($E14=\"\",'Situation détaillée'!$F$16=0),\"\",$E14/'Situation détaillée'!$F$16)","v":""}]
[{"$nulls":5},{"$f":"IF(OR($E15=\"\",'Situation détaillée'!$F$16=0),\"\",$E15/'Situation détaillée'!$F$16)","v":""}]
[null,"TOTAL DES ACOMPTES MANDATÉS (net à payer)",{"$nulls":4},{"$f":"SUM(G9:G15)","v":{"v":415047.4613333334,"d":"415,047.46 €"}}]
[]
[null,"Avancement cumulé du marché (%)"]

{"sheet":"Notice","index":3,"n_rows":22,"n_cols":2,"rows_kept":22,"merged":[[21,1,23,1]]}
[]
[null,"NOTICE D'UTILISATION"]
[null,"Établir un état d'acompte mensuel de marché public (travaux)"]
[]
[null,"1.  Renseigner la situation"]
[null,"Dans « Situation détaillée », listez les postes du marché (désignation, quantité, prix unitaire). Pour chaque poste, saisissez l'avancement cumulé (%) et le cumul antérieur (montant figurant sur l'acompte précédent)."]
[null,"2.  Compléter l'en-tête"]
[null,"Dans « État d'acompte », renseignez les intervenants, le n° de marché, le n° et la période de l'acompte, ainsi que les paramètres : TVA, retenue de garantie, coefficient de révision, avance et seuils de remboursement."]
[null,"3.  Lire le décompte"]
[null,"Le décompte calcule seul, en cumul antérieur / à ce jour / présent acompte : travaux HT, révision, retenue de garantie, remboursement de l'avance, puis TVA, pénalités et le NET À PAYER."]
[null,"4.  Suivre le marché"]
[null,"« Suivi des acomptes » récapitule les acomptes successifs, l'avancement global et les montants mandatés, avec une courbe d'avancement."]
[null,"5.  Réutiliser le modèle"]
[null,"Remplacez les données d'exemple. Le remboursement de l'avance démarre automatiquement lorsque l'avancement dépasse le seuil de début (par défaut 65 %) et s'achève au seuil de fin (80 %)."]
[]
[null,"LÉGENDE"]
[null,"Cellule à saisir"]
[null,"Cellule calculée automatiquement"]
[null,"Net à payer / acompte en cours"]
[null,"Montant à déduire"]
[]
[null,"Modèle indicatif à adapter au CCAP et au CCAG applicables. Les taux (TVA, retenue de garantie), le régime de l'avance et les règles de révision priment sur les valeurs d'exemple."]